000 01009nam a22003857a 4500
001 BR8104790
003 BR-BrBNA
005 20230928091024.0
007 ta
008 230509b bl.||||| |||| 00| 0 por d
040 _aBR-BrBNA
_bpor
_cBiblioteca Nacional de Agricultura
041 _a(Por)
072 _aF10; F60
090 _ F10 BR8104790
100 1 _aOmetto, J.C.
245 1 _aBioclimatologia vegetal [aclimatacao, clima, planta]
260 3 _aSao Paulo, SP (Brasil):
_bCeres,
_c1981.
300 _a434 p.
500 _aBibliography p. 413-425 (118 ref.)
650 _aBIOCLIMATOLOGIA
650 _aRADIACAO SOLAR
650 _aFOTOPERIODISMO
650 _aFOTOSSINTESE
650 _aTEMPERATURA
650 _aAR
650 _aPRECIPITACAO PLUVIAL
650 _aVENTO
650 _aEVAPORACAO
650 _aEVAPOTRANSPIRACAO
650 _aBALANCO HIDRICO
650 _aZONEAMENTO AGRICOLA
650 _aPLANTA
909 _a202309
_bLucia
_c55
_dLucia Elande
942 _cBK
999 _c31803
_d31803